Usucapión, con especial referencia a los automotores, en el Código Civil y Comercial de la Nación (Registro nro. 31613)
[ vista simple ]
| 000 -LEADER | |
|---|---|
| fixed length control field | 00429 a2200121 4500 |
| 001 - CONTROL NUMBER | |
| control field | ART_35112 |
| 005 - DATE AND TIME OF LATEST TRANSACTION | |
| control field | 20260410162005.0 |
| 008 - FIXED-LENGTH DATA ELEMENTS--GENERAL INFORMATION | |
| fixed length control field | 260409a |
| 100 1# - MAIN ENTRY--PERSONAL NAME | |
| Personal name | Molina Quiroga, Eduardo |
| 245 10 - TITLE STATEMENT | |
| Title | Usucapión, con especial referencia a los automotores, en el Código Civil y Comercial de la Nación |
| 700 1# - ADDED ENTRY--PERSONAL NAME | |
| Personal name | Viggiola, Lidia E. |
| 773 0# - HOST ITEM ENTRY | |
| Title | Temas de derecho civil |
| Related parts | - Año 1, Nº 3 (dic. 2015) |
| Record control number | REV34778 |
No hay ítems disponibles.